000 00659nam a2200193 4500
001 118440
003 ES-MaACL
005 20250820063042.0
007 t|
008 070214s1971 sp r ||||1| spa d
100 1 _aPérez del Álamo, Rafael,
_d1827-1911
_990816
245 1 0 _aApuntes sobre dos revoluciones andaluzas /
_cRafael Pérez del Alamo.
260 _aAlgorta (Vizcaya) :
_bZero,
_c1971.
300 _a163 p. ;
_c20 cm.
490 1 _aBiblioteca `promoción del pueblo`. Serie P. ;
_v37
830 0 _aBiblioteca `promoción del pueblo`. Serie P. ;
_v37
_9183314
852 _aES-MaACL
_jC-49009
_bR.78968
999 _c118440
_d118440